Los pichiciegos /
Guardado en:
| Autor Principal: | |
|---|---|
| Formato: | Libro |
| Publicado: |
Buenos Aires :
Alfaguara,
2022.
|
| Series: | Hispánica
|
| Materias: | |
| Etiquetas: |
Agregar Etiqueta
Sin Etiquetas, Sea el primero en etiquetar este registro!
|
| LEADER | 00633nam a22002175a 4500 | ||
|---|---|---|---|
| 001 | CEM.cems019910 | ||
| 008 | 230314s2022##################000#0#####d | ||
| 005 | 20240304084124.0 | ||
| 245 | 1 | 0 | |a Los pichiciegos / |c Rodolfo Enrique Fogwill |
| 260 | |a Buenos Aires : |b Alfaguara, |c 2022. | ||
| 300 | |a 192 p. | ||
| 490 | 0 | |a Hispánica | |
| 020 | |a 9789877389920 | ||
| 100 | 1 | |a Fogwill, Rodolfo Enrqiue | |
| 653 | |a Literatura | ||
| 653 | |a Literatura argentina | ||
| 653 | |a Novelas | ||
| 653 | |a Novelas argentinas | ||
| 653 | |a Malvinas | ||
| 653 | |a Colección Malvinas nos une | ||
| 859 | |a CEMS |b BIB. CEMS - Agricultura |h A863.4 |i F689 |p A3473.23 |t Ej.1 | ||
